000 00975cab a2200265 4500
001 ABS51052
008 090401t xxu||||| |||| 00| 0 eng d
035 _a(Sirsi) u6907
041 _aeng
100 _aBone, S.
245 _aMeeting new responsibilities
350 _a0
490 _aArchitects` Journal
_v200 (1) 23-25(3)
520 _aDiscusses how under the Construction Design and Management (CONDAM) regulations, it will be a designers duty to consider health and safety on site, looking at the implications for clients and other consultants. Provides a checklist of tasks and priorities.
650 _aCONDAM REGULATIONS
650 _aCONSTRUCTION (DESIGN AND MANAGEMENT) REGULATIONS 1994
650 _aCONSTRUCTION SITES
650 _aHEALTH AND SAFETY
_96244
650 _aSITE SAFETY
690 _aBUILDING AND CONSTRUCTION-REGULATIONS
690 _aBUILT ENVIRONMENT-BUILDING STANDARDS
700 _aLoring, J.
942 _n0
948 _c04/03/1997
999 _c4108
_d4108